=LDR 00000nam 2200000 4500 =001 INLIS000000000020927 =005 20130612115832 =008 ***********************************Ind** =035 ##$$0010-061300000020927 =041 ##$$a Ind =082 ##$$a 392.095 823 =090 ##$$a 392.095 823, Fun f =245 ##$$a Fungsi upacara trasisional bagi masyarakat pendukungnya masa kini, Dra. Ani Rustiyati...[et.al] =260 ##$$a 1994 $b Yogyakarta =300 ##$$a x, 166 hlm, ilus, 24 cm =650 ##$$a Adat dan Upacara Daerah Istimewa Yogyakarta =850 ##$$a NBPNMAT =990 ##$$a 0001/BPAP-NTB/2016